000
00301nam a22001337a 4500
008
260330b ||||| |||| 00| 0 eng d
020
_a
9789951295222
041
_a
Shqip
080
_a
615.851
100
_a
25
101
_a
psiko
245
_a
Rifitimi i Lirisë
_c
Skender Munishi
942
_2
udc
_c
BK
999
_c
60950
_d
60950